Statistics for Computer Keyboard Shortcuts Quiz

Click here to take the quiz!

General Stats

  • This quiz has been taken 113 times
  • The average score is 9 of 20

Answer Stats

ShortcutName% Correct
Ctrl+CCopy
100%
Ctrl+VPaste
87%
Ctrl+XCut
73%
Ctrl+ZUndo
65%
Ctrl+P (In Google Chrome)Print
64%
Ctrl+T (In Chrome)New Tab
59%
Ctrl+YRedo
58%
Ctrl+N (In Chrome)New Window
45%
Ctrl+D (In Chrome)Bookmark
43%
Ctrl+W (In Chrome)Close Tab
43%
Ctrl+AHighlight All
41%
Ctrl+R (In Chrome)Reload
40%
Ctrl+F or Ctrl+GFind
37%
Ctrl+ -Zoom Out
30%
Ctrl+ =Zoom In
27%
Ctrl+OOpen File
22%
Ctrl+Shift+WClose Window
19%
Space (On a Webpage)Page Down
14%
Ctrl+UView Source
14%
Shift+SpacePage Up
12%

Score Distribution

Percentile by Number Answered

Percent of People with Each Score

Your Score History

You have not taken this quiz